000 01009nam a2200313Ia 4500
003 OSt
005 20221007122722.0
006 a|||||r|||| 00| 0
007 ta
008 221006b |||||||| |||| 00| 0 eng d
020 _a9788120320581 (pbk)
024 _a157352
037 _b911, 10/11/2011, Total Books India
_cTextual
040 _aPAPL
_cPAPL
_beng
041 _2eng
_aeng
082 _aD65,22, P0;3;-4 Carpa
100 _aGayakwad Ramakant A
_9463899
245 0 _aOp-amps and linear Integrated circuits
250 _a4
260 _aNew
_bDelhi PHI
_c2000
300 _axv; 543p.
_ccm.
500 _aAppendix 515-53p.; Bibliography 536p.; Index 537-543p.
650 _a Filters and oscillators
_9714994
650 _a IC system projects
_9714995
650 _a Linear integrated circuits
_9714996
650 _aPhysics
942 _hD65,22, P0;3;-4 Carpa
_cTEXL
_2CC
999 _c1210814
_d1210814